Marine diesel engines (Record no. 12054)

000 -LEADER
fixed length control field 00529nam a2200205 4500
001 - CONTROL NUMBER
control field 12054
003 - CONTROL NUMBER IDENTIFIER
control field BD-DhUET
008 - FIXED-LENGTH DATA ELEMENTS--GENERAL INFORMATION
fixed length control field 740812s1972 enka 001 0 eng
020 ## - INTERNATIONAL STANDARD BOOK NUMBER
International Standard Book Number 0408000775
040 ## - CATALOGING SOURCE
Original cataloging agency DLC
Transcribing agency DLC
Modifying agency BD-DhUET
082 00 - DEWEY DECIMAL CLASSIFICATION NUMBER
Classification number 626.87236
Item number POU/1972
100 ## - MAIN ENTRY--PERSONAL NAME
Personal name Pounder, C. C.
245 10 - TITLE STATEMENT
Title Marine diesel engines
250 ## - EDITION STATEMENT
Edition statement 5th ed.
260 ## - PUBLICATION, DISTRIBUTION, ETC. (IMPRINT)
Place of publication, distribution, etc. London
Name of publisher, distributor, etc. Newnes-Butterworths
Date of publication, distribution, etc. 1972
300 ## - PHYSICAL DESCRIPTION
Extent 12, 737 p.
Other physical details illus.
Dimensions 23 cm.
490 0# - SERIES STATEMENT
Series statement Marine engineering series
650 #0 - SUBJECT ADDED ENTRY--TOPICAL TERM
Topical term or geographic name as entry element Marine diesel motors
942 ## - ADDED ENTRY ELEMENTS (KOHA)
Koha item type General Book
Holdings
Withdrawn status Source of classification or shelving scheme Piece designation (barcode) Damaged status Not for loan Koha normalized classification for sorting Price effective from Date acquired Koha date last seen Shelving location Copy number Location (home branch) Sublocation or collection (holding branch) Koha full call number Lost status Koha item type
  52342  626_872360000000000_POU_19722015-02-232015-02-232015-02-23Circulation section1Central Library, BUETCentral Library, BUET626.87236/POU/1972 General Book
  52125  626_872360000000000_POU_19722015-02-232015-02-232015-02-23Circulation section2Central Library, BUETCentral Library, BUET626.87236/POU/1972 General Book
  53242  626_872360000000000_POU_19722015-03-092015-03-092015-03-09Circulation section3Central Library, BUETCentral Library, BUET626.87236/POU/1972 General Book
  34390  626_872360000000000_POU_19722015-05-062015-05-062015-05-06Circulation section4Central Library, BUETCentral Library, BUET626.87236/POU/1972 General Book
  34388  626_872360000000000_POU_19722015-06-222015-06-222015-06-22Reading section5Central Library, BUETCentral Library, BUET626.87236/POU/1972 Reading Item
  36819  626_872360000000000_POU_19722015-06-232015-06-232015-06-23Reading section6Central Library, BUETCentral Library, BUET626.87236/POU/1972 Reading Item
  53243  626_872360000000000_POU_19722015-06-232015-06-232015-06-23Reading section7Central Library, BUETCentral Library, BUET626.87236/POU/1972 Reading Item